Списки стихотворений рукой А. Ф. Кони "Шутки Мея", "Графине Лиде", "Извините, добрые друзья…" и стихотворение Клюшникова "В родн...

Доступно только в Электронных читальных залах Найти на картеНа карте
RUSMARC
00003529nac2a22002411x 450
001508b8b6c-86c6-4bf0-8a1b-13be8c92f3fa
00520131029114220.0
100##$a20130605l1927 k y0rusy50 ca
1010#$arus
102##$aRU
105##$ay z |||a|
2001#$aСписки стихотворений рукой А. Ф. Кони "Шутки Мея", "Графине Лиде", "Извините, добрые друзья…" и стихотворение Клюшникова "В родном домике"
$j[19--]
215##$a6 листов
251##$cДело
300##$aРукописный текст
330##$aМатериалы, преподнесенные и посвященные А. Ф. Кони; Стихотворения и другие рукописные литературные произведения
461#0$10013a54f2e3-e9cf-409b-80fa-f0a9bd3c40cb
$12001
$aКони Анатолий Федорович, юрист, литератор, член академии наук, председатель Санкт-Петербургского окружного суда, член государственного совета
$1251
$cФонд
$1852
$j564
462#0$100178a475cd-a47d-4377-bff3-cee4b81de655
$12001
$aОпись дел фонда А. Ф. Кони за 1880-1931 гг.
$1251
$cОпись
$1852
$j1
600#1$aКони
$bА. Ф.
$f1844-1927
$gАнатолий Федорович
600#1$aКлюшников
801#0$aRU
$bGA_RF
801#1$aRU
$bНПО Опыт
$c20130605
$2rusmarc
801#2$aRU
$bПБ им. Б.Н. Ельцина
$c20131029
$gRCR
$2rusmarc
852##$aГА РФ
$j4049
937##$d39775071
$hПБ
035##$aRuPRLIB51006611
Формат отображения